000 00793nam a2200217Ii 4500
003 JO-AjNU
008 230605s9999||||xx |||||||||||||| ||und||
017 _a2003/20831
020 _a977-271-663-1
040 _aJO-AjNU
_bara
_erda
_cJO-AjNU
041 _aara
050 1 4 _aT212 2003
100 3 _aفتح الله،مايسة,
_eauthor
_99766
245 0 0 _aالمخترعون الصغار تنمية مهارات علمية-صقل مواهب فنية-غرس افكار تكنولوجية
264 3 1 _aالقاهرة:مكتبة ابن سينا،2003
300 _a230ص
336 _atext
_btxt
_2rdacontent
337 _aunmediated
_bn
_2rdamedia
338 _avolume
_bnc
_2rdacarrier
650 4 _aالاختراعات-المهارات العلمية-المواهب الفنية
_99767
999 _aA1467
_c5035
_d5035